000 00428nam a2200193Ia 4500
005 20240823043603.0
008 240823s9999||||xx |||||||||||||| ||und||
020 _a81-89638-00-9
041 _aENGLISH
082 _A530
100 _aArumugam M
245 0 _aEngineering Physics
250 _a1st
260 _bAnuradha Publica
500 _aTRANSFERED
650 _aPhysics
_bPhysics
942 _cBK
999 _c210574
_d210574